Name a European First-Level Subdivision A-Z - Statistics

General Stats
  • This quiz has been taken 100 times
  • The average score is 19 of 24
Answer Stats
# First-level subdivisions % Correct
B 70 Berlin, Bavaria, Brittany… Bacău, Bács-Kiskun, Baden-Württemberg, Balearic Islands, Bălți, Balvi, Balzers, Banská Bystrica, Bar, Baranya, Basarabeasca, Basel-Landschaft, Basel-Stadt, Bashkortostan, Basilicata, Basque, Bauska, Bavaria, Beja, Békés, Belgorod, Belgrade, Bender, Berane, Berat, Berlin, Bern, Berovo, Bihor, Bijelo Polje, Bistrița-Năsăud, Bitola, Bjelovar-Bilogora, Blagoevgrad, Bláskógabyggð, Blekinge, Bogdanci, Bogovinje, Bolungarvík, Bor, Borgarbyggð, Borgo Maggiore, Borsod-Abaúj-Zemplén, Bosilovo, Botoșani, Bourgogne-Franche-Comté, Braga, Bragança, Brăila, Brandenburg, Braničevo, Brașov, Bratislava, Brčko, Bremen, Brest, Brežice, Briceni, Brittany, Brod-Posavina, Brussels-Capital Region, Brvenica, Bryansk, Bucharest, Budapest, Budva, Burgas, Burgenland, Buskerud, Buzău
99%
A 40 Attica, Andalusia, Aragon… Aargau, Abruzzo, Acquaviva, Ādaži, Adygea, Aegean, Agder, Aizkraukle, Ajdovščina, Akershus, Akranes, Akureyri, Åland, Alba, Alūksne, Alytus, Andalusia, Andorra la Vella, Andrijevica, Anenii Noi, Aosta Valley, Appenzell Ausserrhoden, Appenzell Innerrhoden, Apulia, Aračinovo, Arad, Aragon, Árborg, Argeș, Arkhangelsk, Árneshreppur, Ásahreppur, Astrakhan, Asturias, Attica, Atyrau, Augšdaugava, Auvergne-Rhône-Alpes, Aveiro, Azores
94%
C 55 Catalonia, Corsica, Crete… Cahul, Calabria, Călărași, Călărași, Campania, Canillo, Cantabria, Cantemir, Capellen, Capital Region, Caraș-Severin, Carinthia, Carlow, Čaška, Castelo Branco, Castile and León, Castilla-La Mancha, Catalonia, Căușeni, Cavan, Celje, Centar Župa, Central Bohemia, Central Denmark, Central Finland, Central Ostrobothnia, Centre-Val de Loire, Cerknica, Češinovo-Obleševo, Cēsis, Cetinje, Chechnya, Cherkasy, Chernihiv, Chernivtsi, Chiesanuova, Chișinău, Chuvashia, Cimișlia, City of San Marino, Clare, Clervaux, Cluj, Coimbra, Constanța, Cork, Cork, Corsica, Covasna, Crete, Crimea, Criuleni, Črnomelj, Csongrád-Csanád, Čučer-Sandevo
93%
S 105 Scotland, Sardinia, Sicily… Saare, Saarland, Saint Petersburg, Sălaj, Salaspils, Saldus, Salzburg, Samara, Sant Julià de Lòria, Santarém, Saratov, Sardinia, Satakunta, Satu Mare, Saulkrasti, Šavnik, Saxony, Saxony-Anhalt, Schaan, Schaffhausen, Schellenberg, Schleswig-Holstein, Schwyz, Scotland, Seltjarnarnes, Šentjur, Serravalle, Setúbal, Sevastopol, Sevnica, Sežana, Shkodër, Shumen, Šiauliai, Šibenik-Knin, Sibiu, Sicily, Sigulda, Silesia, Silistra, Sîngerei, Sisak-Moslavina, Skaftárhreppur, Skagafjörður, Skagaströnd, Skåne, Skeiða- og Gnúpverjahreppur, Škofja Loka, Skopje, Skorradalshreppur, Sligo, Sliven, Slovenj Gradec, Slovenska Bistrica, Slovenske Konjice, Šmarje pri Jelšah, Smiltene, Smolensk, Smolyan, Snæfellsbær, Södermanland, Sofia, Sofia City, Șoldănești, Solothurn, Somogy, Sopište, Soroca, South Bohemia, South Dublin, South Holland, South Karelia, South Kurzeme, South Moravia, South Ostrobothnia, South Savo, Southern, Southern Denmark, Southwest Finland, Split-Dalmatia, St. Gallen, Stara Zagora, Staro Nagoričane, Stavropol, Ștefan Vodă, Štip, Stockholm, Strandabyggð, Strășeni, Struga, Strumica, Studeničani, Stykkishólmur, Styria, Subcarpathia, Suceava, Súðavíkurhreppur, Suðurnesjabær, Šumadija, Sumy, Svalbard, Svalbarðsstrandarhreppur, Sveti Nikole, Świętokrzyskie, Szabolcs-Szatmár-Bereg
91%
N 32 Northern Ireland, Normandy, Navare… Navarre, Neamț, Negotino, Nenets, Neuchâtel, Nidwalden, Nikšić, Nišava, Nisporeni, Nitra, Nizhny Novgorod, Nógrád, Nordland, Norðurþing, Normandy, Norrbotten, North Brabant, North Holland, North Jutland, North Karelia, North Ossetia-Alania, North Ostrobothnia, North Rhine-Westphalia, North Savo, Northern, Northern Ireland, Nouvelle-Aquitaine, Nova Gorica, Novaci, Novgorod, Novo Mesto, Novo Selo
90%
L 52 Louth, Lisbon, Lääne… La Condamine, La Massana, La Rioja, La Rousse, Lääne, Lääne-Viru, Langanesbyggð, Laois, Lapland, Larvotto, Laško, Lazio, Leiria, Leitrim, Lenart, Lendava, Leningrad, Leova, Les Moneghetti, Lesser Poland, Lezhë, Liberec, Liepāja, Liguria, Lika-Senj, Limbaži, Limburg, Limerick, Lipetsk, Lipkovo, Lisbon, Litija, Līvāni, Ljubljana, Ljutomer, Łódź, Logatec, Lombardy, Longford, Louth, Lovech, Lower Austria, Lower Saxony, Lower Silesia, Lozovo, Lublin, Lubusz, Ludza, Luhansk, Luxembourg, Luzern, Lviv
87%
E 16 England, Eastern, Emilia-Romagna… Eastern, Echternach, Edineț, Edirne, Elbasan, Emilia-Romagna, Encamp, England, Epirus and Western Macedonia, Escaldes-Engordany, Esch-sur-Alzette, Eschen, Évora, Extremadura, Eyja- og Miklaholtshreppur, Eyjafjarðarsveit
84%
H 23 Hamburg, Hesse, Hauts-de-France… Hafnarfjörður, Hajdú-Bihar, Halland, Hamburg, Harghita, Harju, Haskovo, Hauts-de-France, Herceg Novi, Hesse, Heves, Hiiu, Hîncești, Hörgársveit, Hornafjörður, Hradec Králové, Hrastnik, Hrunamannahreppur, Húnabyggð, Húnaþing vestra, Hunedoara, Hvalfjarðarsveit, Hveragerði
84%
W 11 Western, Wales, Wallonia… Wales, Wallonia, Warmia-Masuria, Waterford, West Kazakhstan, West Pomerania, Western, Westmeath, Wexford, Wicklow, Wiltz
84%
M 50 Madrid, Minsk, Moscow… Macedonia and Thrace, Mačva, Madona, Madrid, Makedonska Kamenica, Makedonski Brod, Maramureș, Marche, Mari El, Maribor, Marijampolė, Mārupe, Masovia, Mauren, Mavrovo and Rostuša, Mayo, Meath, Mecklenburg-Vorpommern, Međimurje, Mehedinți, Mersch, Metlika, Minsk, Minsk, Mitrovica, Mogila, Mogilev, Mojkovac, Molise, Monaco-Ville, Monaghan, Montana, Monte-Carlo, Montegiardino, Moravia-Silesia, Moravica, Mordovia, Møre og Romsdal, Moscow, Moscow, Mosfellsbær, Mount Athos, Mozirje, Múlaþing, Murcia, Mureș, Murmansk, Murska Sobota, Mykolaiv, Mýrdalshreppur
83%
V 61 Vienna, Valencia, Vaud… Vaduz, Valais, Valandovo, Vâlcea, Valencia, Valga, Valka, Valmiera, Varakļāni, Varaždin, Värmland, Varna, Vas, Vasilevo, Vaslui, Västerbotten, Västernorrland, Västmanland, Västra Götaland, Vaud, Velenje, Veles, Veliko Tarnovo, Veneto, Ventspils, Ventspils, Vestfold, Vestland, Vestmannaeyjar, Vesturbyggð, Veszprém, Vevčani, Viana do Castelo, Vianden, Vidin, Vienna, Vila Real, Viljandi, Vilnius, Vinica, Vinnytsia, Virovitica-Podravina, Viseu, Vitebsk, Vladimir, Vlorë, Vogar, Vojvodina, Volgograd, Vologda, Volyn, Vopnafjarðarhreppur, Vorarlberg, Voronezh, Võru, Vrancea, Vrapčište, Vratsa, Vrhnika, Vukovar-Srijem, Vysočina
83%
G 42 Galicia, Geneva, Guernsey… Gabrovo, Găgăuzia, Galați, Galicia, Galway, Galway, Gamprin, Garðabær, Gävleborg, Gelderland, Geneva, Gevgelija, Gibraltar, Giurgiu, Gjakova, Gjilan, Gjirokastër, Glarus, Glodeni, Gomel, Gorj, Gornja Radgona, Gostivar, Gotland, Gozo, Gradsko, Grand Est, Greater Poland, Grevenmacher, Grímsnes- og Grafningshreppur, Grindavíkurbær, Grisons, Grodno, Groningen, Grosuplje, Grundarfjarðarbær, Grýtubakkahreppur, Guarda, Guernsey, Gulbene, Gusinje, Győr-Moson-Sopron
82%
O 24 Oslo, Odessa, Occitania… Obwalden, Occitanie, Ocnița, Odessa, Offaly, Ogre, Ohrid, Olaine, Ölfus, Olomouc, Olt, Opole, Ordino, Örebro, Orenburg, Orhei, Ormož, Oryol, Osijek-Baranja, Oslo, Östergötland, Østfold, Ostrobothnia, Overijssel
82%
T 46 Tuscany, Tiranë, Thuringia… Talsi, Tambov, Taraclia, Targovishte, Tartu, Tatarstan, Tauragė, Tearce, Tekirdağ, Telemark, Telenești, Teleorman, Telšiai, Ternopil, Tetovo, Thessaly and Central Greece, Þingeyjarsveit, Thurgau, Thuringia, Ticino, Timiș, Tipperary, Tiranë, Tivat, Tjörneshreppur, Tolmin, Tolna, Toplica, Transnistria, Trbovlje, Trebnje, Trenčín, Trentino-South Tyrol, Triesen, Triesenberg, Trnava, Troms, Trøndelag, Tržič, Tukums, Tula, Tulcea, Tuscany, Tuzi, Tver, Tyrol
82%
P 53 Prague, Port, Piedmont… Päijät-Häme, Panevėžys, Pardubice, Pärnu, Pays de la Loire, Pazardzhik, Pčinja, Pehčevo, Peja, Peloponnese, Western Greece and the Ionian, Penza, Perm, Pernik, Pesnica, Pest, Petnjica, Petrovec, Piedmont, Piran, Pirkanmaa, Pirot, Planken, Plasnica, Plav, Pleven, Pljevlja, Plovdiv, Plužine, Plzeň, Podgorica, Podlaskie, Podunavlje, Poltava, Põlva, Pomerania, Pomoravlje, Port, Portalegre, Porto, Postojna, Požega-Slavonia, Prague, Prahova, Preiļi, Prešov, Prilep, Primorje-Gorski Kotar, Pristina, Prizren, Probištip, Provence-Alpes-Côte d'Azur, Pskov, Ptuj
80%
Z 22 Zagreb, Zurich, Zealand… Žabljak, Zadar, Zagorje ob Savi, Zagreb, Zagreb, Zaječar, Zakarpattia, Zala, Žalec, Zaporizhia, Zealand, Zeeland, Zelenikovo, Želino, Zeta, Zhytomyr, Žilina, Zlatibor, Zlín, Zrnovci, Zug, Zürich
80%
U 12 Umbria, Utrecht, Upper Austria... Udmurtia, Ulcinj, Ulyanovsk, Umbria, Ungheni, Upper Austria, Uppsala, Uri, Ústí nad Labem, Utena, Utrecht, Uusimaa
78%
R 37 Rīga, Rhineland-Palatinate… Radlje ob Dravi, Radoviš, Radovljica, Rangárþing eystra, Rangárþing ytra, Rankovce, Rapla, Rasina, Raška, Ravin de Sainte-Dévote, Ravne na Koroškem, Razgrad, Redange, Remich, Republika Srpska, Resen, Reykhólahreppur, Reykjanesbær, Reykjavík, Rēzekne, Rēzekne, Rezina, Rhineland-Palatinate, Ribnica, Rīga, Rîșcani, Rivne, Rogaland, Ropaži, Roscommon, Rosoman, Rostov, Rožaje, Ruggell, Ruse, Ruše, Ryazan
76%
D 33 Dublin, Donetsk, Dubrovnik-Neretva… Dagestan, Dalabyggð, Dalarna, Dalvíkurbyggð, Dâmbovița, Danilovgrad, Daugavpils, Debar, Debarca, Delčevo, Demir Hisar, Demir Kapija, Dibër, Diekirch, Dnipropetrovsk, Dobele, Dobrich, Dojran, Dolj, Dolneni, Domagnano, Domžale, Dondușeni, Donegal, Donetsk, Dravograd, Drenthe, Drochia, Dubăsari, Dublin, Dubrovnik-Neretva, Dún Laoghaire–Rathdown, Durrës
75%
F 22 Faro, Flanders, Faroe Islands… Faetano, Fălești, Faro, Faroe Islands, Federation of Bosnia and Herzegovina, Fejér, Ferizaj, Fier, Fingal, Finnmark, Fiorentino, Fjallabyggð, Fjarðabyggð, Flanders, Flevoland, Fljótsdalshreppur, Flóahreppur, Florești, Fontvieille, Fribourg, Friesland, Friuli-Venezia Giulia
75%
K 63 Kyiv, Kaliningrad, Kharkiv… Kabardino-Balkar, Kainuu, Kaldrananeshreppur, Kaliningrad, Kalmar, Kalmykia, Kaluga, Kamnik, Kanta-Häme, Karachay-Cherkessia, Karbinci, Kardzhali, Karelia, Karlovac, Karlovy Vary, Kaunas, Kavadarci, Ķekava, Kerry, Kharkiv, Kherson, Khmelnytskyi, Kičevo, Kiev, Kildare, Kilkenny, Kırklareli, Kirov, Kirovohrad, Kjósarhreppur, Klaipėda, Kočani, Kočevje, Kolašin, Kolubara, Komárom-Esztergom, Komi, Konče, Kópavogur, Koper, Koprivnica-Križevci, Korçë, Košice, Kostroma, Kotor, Kranj, Krapina-Zagorje, Krāslava, Krasnodar, Kratovo, Kriva Palanka, Krivogaštani, Kronoberg, Krško, Kruševo, Kukës, Kuldīga, Kumanovo, Kursk, Kuyavia-Pomerania, Kyiv, Kymenlaakso, Kyustendil
75%
I 18 Isle of Man, Istanbul, Île-de-France… Ialomița, Ialoveni, Iași, Ida-Viru, Idrija, Île-de-France, Ilfov, Ilinden, Ilirska Bistrica, Ingushetia, Innlandet, Ísafjarðarbær, Isle of Man, Istanbul, Istria, Ivano-Frankivsk, Ivanovo, Izola
69%
J 15 Jersey, Jura, Jönköping… Jablanica, Jämtland, Jardin Exotique, Järva, Jász-Nagykun-Szolnok, Jegunovce, Jēkabpils, Jelgava, Jelgava, Jersey, Jesenice, Jõgeva, Jönköping, Jura, Jūrmala
56%
Y 2 Yambol, Yaroslav Yambol, Yaroslav
24%
No matching quizzes found
Score Distribution
Percent of People with Each Score
Percentile by Number Answered
Your Score History
You have not taken this quiz